| 000 | 00000cas 2200000zi 4500 |
| 001 | 9.933198 |
| 003 | CaOODSP |
| 005 | 20251210102406 |
| 006 | m o d f |
| 007 | cr ||||||||||| |
| 008 | 240131c20239999sncar p o f0###b0fre|d |
| 040 | |aCaOODSP|bfre|erda|cCaOODSP |
| 043 | |an-cn--- |
| 086 | 1 |aCC211-11F-PDF |
| 110 | 2 |aFinancement agricole Canada.|eauteur, |eorganisme de publication. |
| 245 | 10|aRapport annuel sur l'application de la Loi sur la protection des renseignements personnels : |bpour la période 1er avril ... au 31 mars ... |
| 246 | 13|aRapport annuel sur l'application de la Loi sur la protection des renseignements personnels : |bpour la période du 1er avril ... au 31 mars ... |
| 264 | 1|a[Régina] : |bFinancement agricole Canada, |c[2023]- |
| 310 | |aAnnuel |
| 336 | |atexte|btxt|2rdacontent/fre |
| 337 | |ainformatique|bc|2rdamedia/fre |
| 338 | |aressource en ligne|bcr|2rdacarrier/fre |
| 362 | 1 |aParaît depuis : 2022/2023. |
| 500 | |aPublié aussi en anglais sous le titre : Annual report on the administration of the Privacy Act : for the period April 1 ... to March 31 ... |
| 588 | |aDescription d'après : 2022/2023. |
| 588 | |aDernière livraison consultée : 2022/2023. |
| 610 | 26|aFinancement agricole Canada|vPériodiques. |
| 610 | 16|aCanada. |tLoi sur la protection des renseignements personnels|vPériodiques. |
| 650 | 6|aDroit à la vie privée|zCanada|vPériodiques. |
| 655 | 7|aPériodiques|2rvmgf |
| 775 | 08|tAnnual report on the administration of the Privacy Act : |w(CaOODSP)9.933190 |